000 00268nam a2200109 4500
008 160625b xxu||||| |||| 00| 0 eng d
100 _91180
_a Corbett, S
245 _a Corbett, S
260 _aCan
_b Little Brown & Com
_c1973
300 _a Corbett, S
942 _2ddc
_cBK
999 _c961
_d961